000 01013cab a2200205 4500
001 ##L136534
008 070206n2007 000 0 eng u
035 _a(Sirsi) u136534
041 0 _aeng
100 1 _aKlein, Rudi
245 0 0 _aCompetence is the key
260 _c2007
490 0 _aBuilding
_v272(8463) 19 January 2007, 65(1)
520 _aDiscusses the need to reform the Building Regulations and related rules (the CDM Regulations and those covering fire, water, gas etc), to rid the system of inconsistencies and duplication. Highlights that requirements relating to competence are inconsistent when different parts of the Building Regulations are compared and under the various regimes (ie for plumbers). Suggests that competent persons schemes should be developed to embrace all the different requirements, which should improve enforcement.
590 _aKA
650 2 4 _aBUILDING REGULATIONS 2000
651 4 _aEngland and Wales
_y1543-
690 _aBuilding regulations
_96224
942 _n0
999 _c78336
_d78336